Personal insurances claims, marketing and management : C.Easton and J.Fyfe

Bibliographic Details
Main Authors: Easton, C. [ (Colin)] (Author), Fyfe, J. [ (John)] (Author)
Format: Book
Published: Kuala Lumpur : The Malaysian Insurance Institute , 1991
Series:Study / The Malaysian Insurance Institute ; 41
Subjects:

MARC

LEADER 00000cam a2200000 7i4500
001 0000002658
005 20210302093000.0
008 021118n
020 |a 1853690333 
090 0 0 |a HG8835   |b .E2 1991 
100 0 |a Easton, C. [  |q (Colin)] ,   |e author 
245 0 0 |a Personal insurances claims, marketing and management :   |b C.Easton and J.Fyfe 
260 2 |a Kuala Lumpur :   |b The Malaysian Insurance Institute ,   |c 1991 
300 |a 1 v (various pagings) ; :   |b 30 cm + (25 p. ; 21 cm) 
440 0 0 |a Study / The Malaysian Insurance Institute ;   |v 41 
501 |a Includes index 
650 0 |a Life insurance 
700 0 |a Fyfe, J. [  |q (John)] ,   |e author 
999 |a 1000037187   |b Book   |c OPEN SHELF (30 DAYS)   |e Gong Badak Campus